Race to the front : the materiel foundations of coalition strategy in the Great War /

Bibliographic Details
Main Author: Stubbs, Kevin D.
Corporate Author: NetLibrary, Inc
Format: eBook
Language:English
Published: Westport, Conn. : Praeger, 2002.
Subjects:
Online Access:Connect to the full text of this electronic book

MARC

Tag First Indicator Second Indicator Subfields
LEADER 00000cam a2200000Ia 4500
001 in00002000484
005 20220105141421.0
006 m d
007 cr cn-
008 030729s2002 ctub sb 001 0 eng
020 |a 0313012121 (electronic bk.) 
035 |a (OCoLC)ocm52743257 
040 |a N$T  |c N$T  |d OCLCQ  |d UtOrBLW 
043 |a e------ 
049 |a IKMN 
050 1 4 |a D639.S9  |b S78 2002eb 
082 0 4 |a 940.4/02  |2 22 
100 1 |a Stubbs, Kevin D.  |0 http://id.loc.gov/authorities/names/n88037312 
245 1 0 |a Race to the front :  |b the materiel foundations of coalition strategy in the Great War /  |c Kevin D. Stubbs. 
264 1 |a Westport, Conn. :  |b Praeger,  |c 2002. 
300 |a xiv, 375 pages :  |b maps. 
336 |a text  |b txt  |2 rdacontent 
337 |a computer  |b c  |2 rdamedia 
338 |a online resource  |b cr  |2 rdacarrier 
504 |a Includes bibliographical references (pages [339]-361) and index. 
533 |a Electronic reproduction.  |b Boulder, Colo. :  |c NetLibrary,  |d 2003.  |n Available via World Wide Web.  |n Access may be limited to NetLibrary affiliated libraries. 
500 |a Electronic resource. 
650 0 |a World War, 1914-1918  |x Equipment and supplies.  |0 http://id.loc.gov/authorities/subjects/sh2008113796 
650 0 |a World War, 1914-1918  |x Economic aspects.  |0 http://id.loc.gov/authorities/subjects/sh85148261 
650 0 |a World War, 1914-1918  |x Food supply. 
650 0 |a World War, 1914-1918  |x Finance.  |0 http://id.loc.gov/authorities/subjects/sh85148262 
655 7 |a Electronic books.  |2 local 
710 2 |a NetLibrary, Inc.  |0 http://id.loc.gov/authorities/names/no99080690 
776 1 |c Original  |z 0275972992  |w (DLC) 2001057738  |w (OCoLC)48619320 
856 4 1 |u https://proxy.library.tamu.edu/login?url=http://www.netLibrary.com/urlapi.asp?action=summary&v=1&bookid=85924  |z Connect to the full text of this electronic book  |t 0 
994 |a 92  |b IKM 
999 |a MARS 
999 f f |s 782830fd-72b2-3c33-8428-4059d34a107c  |i a898d829-2154-32f9-94e3-32e48ebbbb9a  |t 0 
952 f f |a Texas A&M University  |b College Station  |c Electronic Resources  |d Available Online  |t 0  |e D639.S9 S78 2002eb  |h Library of Congress classification 
998 f f |a D639.S9 S78 2002eb  |t 0  |l Available Online